00800nam a22002297a 450000500170000001000150001702000260003203500130005803700130007108200100008410000170009424500750011125000130018626000380019927000590023730000280029650000400032470000230036494200240038799900170041195201420042820140411153644.0 aENG-109367 a9789381075531c300.00 aEN-92900 bDBAD/PUB a621.3 aSingh, R. K. aBasic electrical engineering /cby R. K. Singh [and] P. S. Subramanyam arev.ed.  aHyderabadbBS Publications c2011 a4-4-309, Giriraj Lane, Sultan BazarbHyderabade500095 axxiii,552p. c24cm(pbk) aIncludes bibliographical references aSubramanyam, P. S. 2ddccENmSINh621.3 c82663d82663 001040718NFICaDBADbDBADd2014-02-21eDBAD/PUBg300.00l0o621.3 SINpEN-92900r2014-02-21 00:00:00tDBAD/PUBv300.00w2014-02-21yEN